มุมมองปกติ
มุมมองแบบ MARC
- แต้จิ๋ว
รายการ Topical Term
001 - CONTROL NUMBER
- control field: 66506
003 - CONTROL NUMBER IDENTIFIER
- control field: NALT
005 - DATE AND TIME OF LATEST TRANSACTION
- control field: 20250826143509.0
008 - FIXED-LENGTH DATA ELEMENTS
- fixed length control field: 250826|| aca||babn | a|a d
040 ## - CATALOGING SOURCE
- Original cataloging agency: NALT
150 #4 - HEADING--TOPICAL TERM
- Topical term or geographic name entry element: แต้จิ๋ว
- Geographic subdivision: ไทย
